TV Show Genre Sorting Blitz Quiz Stats

 Plays Quiz Updated Nov 17, 2015

Challenge
Share
Tweet
Embed
Score 0/30 Timer 05:00
0 Plays Today
% Correct
16 and Pregnant
97.5%
60 Minutes
96.7%
The Bold and the Beautiful
96.2%
Celebrity Big Brother UK
94.9%
48 Hours
94.2%
Dateline NBC
94.1%
Keeping Up with the Kardashians
93.8%
Jersey Shore
92.8%
The Young and the Restless
92%
Nightline
91.4%
This Week
89.6%
Passions
89.5%
Today
89.3%
Face the Nation
89.2%
Empire
89.2%
% Correct
My 600-lb Life
88.9%
The Morning Exchange
88.6%
If Loving You Is Wrong
88.2%
Teen Mom
87.7%
Mob Wives
87.6%
Toddlers and Tiaras
86.6%
Tide of Life
86%
The O’Reilly Factor
85.9%
My Strange Addiction
84.6%
The Haves and the Have Nots
84.3%
Until Tomorrow
84.2%
Sister Wives
83.5%
Dwelling Narrowness
83.1%
The Rachel Maddow Show
82.5%
Metropia
78.4%

You're not logged in!

Compare scores with friends on all Sporcle quizzes.
Join for Free
OR
Log In

You Might Also Like...

Show Comments

Extras

Top Quizzes Today


Score Distribution

Your Account Isn't Verified!

In order to create a playlist on Sporcle, you need to verify the email address you used during registration. Go to your Sporcle Settings to finish the process.

Report this User

Report this user for behavior that violates our Community Guidelines.

Details: